| 000 | 00830nam a2200193 i 4500 | ||
|---|---|---|---|
| 001 | 111046 | ||
| 003 | ES-MaACL | ||
| 005 | 20230906185229.0 | ||
| 007 | t| | ||
| 008 | 061121s1971 sp |||| | spa d | ||
| 100 | 1 |
_aOjea Otero, Manuel. _986601 |
|
| 245 | 1 | 3 |
_aEl problema de las limitaciones de derecho público y la esencia del derecho de propiedad _b: discurso / _cleído el día 30 de mayo de 1969, en la solemne sesión de ingreso del académico... D. Manuel Ojea Otero y contestación... D. Dimas Hernández Corchero. |
| 260 |
_aLa Coruña : _bAcademia Gallega de Jurisprudencia y Legislación, _c1971. |
||
| 300 |
_a62 p. ; _c27 cm. |
||
| 650 | 0 | 4 |
_aPropiedad. _916476 |
| 700 | 1 |
_aHernández Corchero, Dimas. _962911 |
|
| 710 | 2 |
_aAcademia Gallega de Jurisprudencia y Legislación. _91197 |
|
| 852 |
_aES-MaACL _jC-41379 |
||
| 999 |
_c111046 _d111046 |
||